| 000 | 01158cam a2200349 i 4500 | ||
|---|---|---|---|
| 999 |
_c3831 _d3831 |
||
| 001 | .b26053457 | ||
| 003 | Uk | ||
| 005 | 20241106092532.0 | ||
| 008 | 140515r20141999enkb j 000 1 eng d | ||
| 015 | _aGBB468508 | ||
| 020 |
_a9781408855676 _q(pbk.) : |
||
| 040 |
_aStDuBDS _beng _cStDuBDS _dUk _erda _dNCU |
||
| 042 | _anbic | ||
| 082 | 0 | 4 | _aFIC ROW |
| 100 | 1 |
_aRowling, J. K., _eauthor. |
|
| 245 | 1 | 0 |
_aHarry Potter and the prisoner of Azkaban / _cJ.K. Rowling. |
| 260 |
_aLondon : _bBloomsbury, _c2014. |
||
| 264 | 1 |
_aLondon : _bBloomsbury, _c2014. |
|
| 300 |
_a461 pages : _b1 map ; _c21 cm. |
||
| 336 |
_atext _2rdacontent. |
||
| 337 |
_aunmediated _2rdamedia. |
||
| 338 |
_avolume _2rdacarrier. |
||
| 500 | _aOriginally published: 1999. | ||
| 500 |
_aFormerly CIP. _5Uk. |
||
| 600 | 1 | 0 |
_aPotter, Harry _c(Fictitious character) _vJuvenile fiction. |
| 650 | 0 |
_aPotter, Harry (Fictitious character) _vJuvenile fiction. |
|
| 650 | 0 |
_aHogwarts School of Witchcraft and Wizardry (Imaginary organization) _vJuvenile fiction. |
|
| 650 | 0 |
_aWizards _vJuvenile fiction. |
|
| 655 | 0 | _aFantasy fiction. | |
| 655 | 0 | _aChildren's stories. | |
| 942 |
_2ddc _cFIC |
||